| 000 | 00393nam a22001337a 4500 | ||
|---|---|---|---|
| 020 | _a9789380235523 | ||
| 082 |
_a664.02 _bRAJ/Ad |
||
| 245 | _aAdvances in preservation and processing technologies of fruits and vegetables | ||
| 260 |
_aNew Delhi _bNew India Publishing Agency _c2011 |
||
| 300 | _a742 p | ||
| 700 | _aRajarathnam, Somasundaram | ||
| 700 | _aRamteke, Ramesh Shyam | ||
| 942 | _cREF | ||
| 999 |
_c13735 _d13735 |
||